[Event "Liga CS - istok 2016"]
[Site "Kladovo"]
[Date "2016.10.15"]
[Round "9.11"]
[White "Trailovic, Mile"]
[Black "Zivkovic, Momcilo"]
[Result "1-0"]
[WhiteElo "2080"]
[BlackElo "2071"]
[PlyCount "0"]
[EventDate "2016.09.04"]

1.e4 e6 2.d3 d5 3.Bd2 Nf6 4.Nc3 c5 5.g3 Nc6 6.Bg2 Be7 7.Nge2
d4 8.Nb1 e5 9.h3 h6 10.a4 Be6 11.Na3 Qc8 12.b3 Bd8 13.f4 g6 14.Nc4
Bc7 15.Qc1 Nh5 16.Qa3 Bxc4 17.bxc4 Bd6 18.O-O a5 19.fxe5 Nxe5
20.g4 Ng7 21.Nxd4 h5 22.Nb5 Bb8 23.g5 O-O 1-0

[Event "Liga CS - istok 2016"]
[Site "Kladovo"]
[Date "2016.10.15"]
[Round "9.12"]
[White "Arsic, Novica"]
[Black "Vlajic, Sasa"]
[Result "1/2-1/2"]
[WhiteElo "2029"]
[BlackElo "2141"]
[PlyCount "0"]
[EventDate "2016.09.04"]

1.e4 d5 2.exd5 Nf6 3.d4 Nxd5 4.c4 Nb6 5.Nf3 g6 6.Nc3 Bg7 7.h3
O-O 8.Be2 Nc6 9.Be3 e5 10.dxe5 Nxe5 11.Nxe5 Bxe5 12.Qxd8 Rxd8
13.Rc1 Be6 14.b3 f5 15.f4 Bf6 16.Kf2 c6 17.Rhd1 Rxd1 18.Bxd1
Rd8 19.Be2 Bd4 20.Nb1 Bxe3+ 21.Kxe3 Nd7 22.Rd1 Re8 23.Kf2 Nc5
24.Nc3 a5 25.Kf3 h5 26.g3 Kf7 27.Kf2 Kf6 28.h4 Ke7 29.Bf1 Rb8
30.Kf3 Rd8 31.Rxd8 Kxd8 32.Ke3 Kc7 33.Kd4 Kd6 34.Be2 b6 35.Ke3
Bd7 36.Bf1 1/2-1/2

[Event "Liga CS - istok 2016"]
[Site "Kladovo"]
[Date "2016.10.15"]
[Round "9.13"]
[White "Simic, Vladica"]
[Black "Desic, Zoran"]
[Result "0-1"]
[WhiteElo "2079"]
[BlackElo "2059"]
[PlyCount "0"]
[EventDate "2016.09.04"]

1.Nf3 g6 2.g3 Bg7 3.Bg2 Nf6 4.O-O O-O 5.c4 d6 6.Nc3 Nbd7 7.Rb1
Rb8 8.b4 b6 9.Qa4 a5 10.Nd4 Ne5 11.bxa5 Bd7 12.Ncb5 bxa5 13.f4
c6 14.fxe5 cxb5 15.cxb5 dxe5 16.Nc6 Bxc6 17.Bxc6 Qb6+ 18.Kg2
Rfd8 19.d3 Nd5 20.Bxd5 Rxd5 21.Qc4 e6 22.a4 Rd4 23.Qa2 Qb7+ 24.Kg1
e4 25.Bf4 Rbd8 26.dxe4 Qxe4 27.b6 Rxa4 28.Qb3 Rb4 29.Qf3 Bd4+
30.Kg2 Qxf3+ 31.exf3 Bxb6 32.Rxb4 axb4 33.Rb1 Bc5 34.Bg5 Rd5
35.h4 Kg7 36.Rb2 Bd6 37.Bd2 Rb5 38.Rb3 f6 39.Be1 Kf7 40.Kf1 e5
41.Ke2 Ke6 42.Kd3 Kd5 43.Rb2 Bc5 44.h5 f5 45.hxg6 hxg6 46.Rh2
b3 47.Bc3 e4+ 48.fxe4+ fxe4+ 0-1

[Event "Liga CS - istok 2016"]
[Site "Kladovo"]
[Date "2016.10.15"]
[Round "9.14"]
[White "Stevic, Dragan"]
[Black "Klcesko, Nebojša"]
[Result "1-0"]
[WhiteElo "1897"]
[BlackElo "1982"]
[PlyCount "0"]
[EventDate "2016.09.04"]

1.d4 d5 2.c4 c6 3.Nc3 Nf6 4.e3 g6 5.Nf3 Bg7 6.Bd3 O-O 7.O-O Bg4
8.h3 Bxf3 9.Qxf3 dxc4 10.Bxc4 e6 11.Bd2 Nbd7 12.Rad1 Nb6 13.Bb3
Rc8 14.Rfe1 Nbd5 15.e4 Nxc3 16.bxc3 h6 17.e5 Nd7 18.Re4 b5 19.h4
c5 20.h5 g5 21.Qg3 Kh8 22.f4 gxf4 23.Rxf4 cxd4 24.cxd4 Qe7 25.Rg4
Rg8 26.Qd3 f5 27.exf6 Nxf6 28.Rg6 Rcd8 29.Bxh6 Nd5 30.Bg5 Bf6
31.Rh6+ 1-0

[Event "Liga CS - istok 2016"]
[Site "Kladovo"]
[Date "2016.10.15"]
[Round "9.15"]
[White "Floricelovic, Milos"]
[Black "Dragojevic, Leon*"]
[Result "0-1"]
[WhiteElo "1953"]
[BlackElo "1874"]
[PlyCount "0"]
[EventDate "2016.09.04"]

1.e4 d5 2.exd5 Qxd5 3.Nc3 Qa5 4.d4 Nf6 5.Nf3 c6 6.Bc4 Bf5 7.Bd2
e6 8.Bb3 Be7 9.Qe2 Qc7 10.h3 O-O 11.g4 Bg6 12.Ne5 Nbd7 13.f4
Nxe5 14.dxe5 Nd5 15.h4 h6 16.h5 Bh7 17.O-O-O a5 18.Ne4 a4 19.Bc4
b5 20.Bd3 Rfb8 21.g5 hxg5 22.Nxg5 Bxd3 23.Qxd3 Bxg5 24.fxg5 Qxe5
25.g6 a3 26.Bc3 axb2+ 27.Bxb2 Qf4+ 28.Kb1 Rxa2 29.gxf7+ Kf8 30.Qd4
Qxd4 31.Bxd4 Ra4 32.Rhf1 Rc4 33.Rg1 Rxd4 34.Rxd4 Nc3+ 35.Kb2
Ne2 36.Rgg4 Nxd4 37.Rxd4 Kxf7 38.Rd7+ Kf6 39.Kc3 Rh8 40.Rc7 Rxh5
41.Rxc6 Rd5 42.Rc8 g5 43.Rf8+ Ke5 44.Rg8 Kf4 45.Rf8+ Kg3 46.Rf6
e5 47.Rg6 g4 48.Kb3 Kf3 0-1

[Event "Liga CS - istok 2016"]
[Site "Kladovo"]
[Date "2016.10.15"]
[Round "9.16"]
[White "Jovkic, Nikola"]
[Black "Stanojevic, Dragoljub"]
[Result "1/2-1/2"]
[WhiteElo "1740"]
[BlackElo "1896"]
[PlyCount "0"]
[EventDate "2016.09.04"]

1.e4 c6 2.d4 d5 3.e5 Bf5 4.c4 e6 5.Nc3 Nd7 6.cxd5 cxd5 7.a3 a6
8.h3 Ne7 9.Nf3 h6 10.Bd3 Bxd3 11.Qxd3 Nc6 12.O-O b5 13.Ne2 Nb6
14.b3 Be7 15.Be3 O-O 16.Ng3 Rc8 17.Qd2 Kh7 18.Nh5 Nd7 1/2-1/2

[Event "Liga CS - istok 2016"]
[Site "Kladovo"]
[Date "2016.10.15"]
[Round "9.22"]
[White "Cvetkovic, Nemanja"]
[Black "Mitrovic, Darko A"]
[Result "0-1"]
[WhiteElo "2206"]
[BlackElo "2050"]
[PlyCount "0"]
[EventDate "2016.09.04"]

1.d4 Nf6 2.c4 g6 3.Nf3 Bg7 4.g3 O-O 5.Bg2 d6 6.O-O Nc6 7.b3 e5
8.d5 Ne7 9.Nc3 Nd7 10.e4 h6 11.Ne1 f5 12.Nd3 Nf6 13.f3 Rf7 14.c5
Bd7 15.a4 g5 16.Ba3 Ne8 17.Rc1 Ng6 18.Rf2 Bf8 19.Rfc2 Kh8 20.cxd6
cxd6 21.Qd2 a6 22.exf5 Bxf5 23.Qe3 Rc8 24.Ne4 Rfc7 25.Rxc7 Rxc7
26.Bf1 Rxc1 27.Nxc1 Qa5 28.Nc3 Nf6 29.Bc4 b5 30.b4 Qc7 31.Bf1
bxa4 32.Bxa6 Bd7 33.b5 Qa5 34.N1a2 g4 35.fxg4 Nxg4 36.Qa7 Bxb5
37.Nb4 Bxa6 38.Qxa6 0-1

[Event "Liga CS - istok 2016"]
[Site "Kladovo"]
[Date "2016.10.15"]
[Round "9.23"]
[White "Filipovic, Milisav"]
[Black "Grujic, Nebojsa"]
[Result "1/2-1/2"]
[WhiteElo "2013"]
[BlackElo "2156"]
[PlyCount "0"]
[EventDate "2016.09.04"]

1.e4 e6 2.d4 d5 3.exd5 exd5 4.Nf3 Bd6 5.Bd3 Ne7 6.Bg5 O-O 7.O-O
f6 8.Bh4 Bf5 9.Nc3 c6 10.Ne2 Re8 11.Bg3 Bxg3 12.Nxg3 Bg6 13.Nh4
Bxd3 14.Qxd3 Nd7 15.Rfe1 Nf8 16.Re3 Qd7 17.Rae1 Nfg6 18.Nxg6
hxg6 19.Qe2 Kf7 20.c3 Rad8 21.Re6 Nc8 22.Rxe8 Rxe8 23.Qxe8+ Qxe8
24.Rxe8 Kxe8 25.Kf1 1/2-1/2

[Event "Liga CS - istok 2016"]
[Site "Kladovo"]
[Date "2016.10.15"]
[Round "9.24"]
[White "Jakovljevic, Dejan"]
[Black "Zivkovic, Toplica"]
[Result "1-0"]
[WhiteElo "2080"]
[BlackElo "1964"]
[PlyCount "0"]
[EventDate "2016.09.04"]

1.e4 e6 2.Nc3 c5 3.g3 Nc6 4.Bg2 d6 5.d3 g6 6.Be3 Bg7 7.Qd2 Nge7
8.Bh6 O-O 9.h4 Nd4 10.h5 f5 11.hxg6 hxg6 12.Bxg7 Kxg7 13.Qh6+
Kf7 14.O-O-O Rg8 15.Nh3 Qf8 16.Qe3 Rb8 17.Ng5+ Ke8 18.Rh7 Rg7
19.Rdh1 Ng8 20.exf5 gxf5 21.Nd5 Kd8 22.Rxg7 Qxg7 23.Rh7 Qg6 24.Nf7+
Ke8 25.Nxd6+ Kd8 26.Nf7+ Ke8 27.Ng5 Bd7 28.f4 Kd8 29.Qe5 Nc6
30.Qd6 1-0

[Event "Liga CS - istok 2016"]
[Site "Kladovo"]
[Date "2016.10.15"]
[Round "9.25"]
[White "Radulovic, Sasa"]
[Black "Miljkovic, Jovana**"]
[Result "1/2-1/2"]
[WhiteElo "1944"]
[BlackElo "2018"]
[PlyCount "0"]
[EventDate "2016.09.04"]

1.d4 Nf6 2.c4 e6 3.a3 c5 4.dxc5 Bxc5 5.e3 O-O 6.Bd3 Be7 7.Nf3
b6 8.O-O Bb7 9.b3 d5 10.Nbd2 dxc4 11.Bxc4 Nbd7 12.Bb2 Rc8 13.Rc1
Nd5 14.Bxd5 Rxc1 15.Qxc1 Bxd5 16.b4 Qc8 17.Ne5 Nxe5 18.Bxe5 f6
19.Bb2 Bd6 20.Qxc8 Rxc8 21.Rc1 Rxc1+ 22.Bxc1 Kf7 23.e4 Ba2 24.g3
e5 25.f3 Ke6 26.Kf2 Kd7 27.Ke3 Kc6 28.Kd3 Kb5 29.Kc3 Be6 30.g4
a5 31.bxa5 bxa5 32.h4 Ka4 33.Nc4 Bxc4 34.Kxc4 Bxa3 35.Be3 Bb4
36.Bc1 Be1 37.h5 Bh4 38.f4 Bg3 39.fxe5 Bxe5 40.g5 1/2-1/2

[Event "Liga CS - istok 2016"]
[Site "Kladovo"]
[Date "2016.10.15"]
[Round "9.26"]
[White "Golubovic, Marko"]
[Black "Nikolic, Nikola*"]
[Result "1-0"]
[WhiteElo "1977"]
[BlackElo "1936"]
[PlyCount "0"]
[EventDate "2016.09.04"]

1.e4 e5 2.Nf3 Nc6 3.Bc4 Bc5 4.c3 Nf6 5.d4 exd4 6.cxd4 Bb4+ 7.Nc3
Nxe4 8.O-O Bxc3 9.d5 Be5 10.dxc6 f6 11.Nxe5 fxe5 12.Qh5+ Ke7
13.Qf7+ Kd6 14.Rd1+ 1-0

[Event "Liga CS - istok 2016"]
[Site "Kladovo"]
[Date "2016.10.15"]
[Round "9.27"]
[White "Djokic, Ljubinko"]
[Black "Mijajlovic, Jovan**"]
[Result "1/2-1/2"]
[WhiteElo "1817"]
[BlackElo "1864"]
[PlyCount "0"]
[EventDate "2016.09.04"]

1.d4 Nf6 2.c4 e6 3.Nc3 Bb4 4.Nf3 Bxc3+ 5.bxc3 d6 6.Bg5 Nbd7 7.Qc2
O-O 8.e3 b6 9.Bd3 Bb7 10.Bxh7+ Kh8 11.Bd3 Re8 12.e4 e5 13.Nd2
g6 14.O-O Kg7 15.f4 Qc8 16.Bxf6+ Nxf6 17.f5 Nh7 18.Rf2 g5 19.Qd1
f6 20.Qh5 Qd7 21.h4 Qf7 22.Qg4 Rg8 23.Rf3 Kf8 24.Rh3 gxh4 25.Qxh4
Ng5 26.Rh2 Ke7 27.Kf2 Ba6 28.d5 Rab8 29.a4 Rg7 30.Rah1 Rbg8 31.Ke3
Qe8 32.Bc2 Nf7 33.Kf3 Bc8 34.Qe1 a5 35.Kf2 Bd7 36.Qa1 Rg4 37.Nf3
Kd8 38.Rg1 1/2-1/2

[Event "Liga CS - istok 2016"]
[Site "Kladovo"]
[Date "2016.10.15"]
[Round "9.28"]
[White "Pantic, Dejan"]
[Black "Zivkovic, Nikola S**"]
[Result "1-0"]
[WhiteElo "1817"]
[BlackElo "1636"]
[PlyCount "0"]
[EventDate "2016.09.04"]

1.e4 Nf6 2.Nc3 d6 3.d4 Nbd7 4.Nf3 c5 5.Bb5 g6 6.dxc5 dxc5 7.e5
a6 8.Bc4 b5 9.Bxf7+ Kxf7 10.exf6 exf6 11.Qd5+ Kg7 1-0

[Event "Liga CS - istok 2016"]
[Site "Kladovo"]
[Date "2016.10.15"]
[Round "9.31"]
[White "Djoric, Dusan"]
[Black "Todorovic, Zoran D"]
[Result "1-0"]
[WhiteElo "2288"]
[BlackElo "2091"]
[PlyCount "0"]
[EventDate "2016.09.04"]

1.d4 d5 2.Nf3 Nf6 3.c4 e6 4.g3 Nbd7 5.Bg2 Be7 6.O-O c5 7.cxd5
Nxd5 8.Nc3 O-O 9.e4 Nb4 10.d5 Bf6 11.a3 Bxc3 12.bxc3 Na6 13.dxe6
fxe6 14.Qd6 Nc7 15.Bf4 e5 16.Nxe5 Nxe5 17.Qxd8 Rxd8 18.Bxe5 Nb5
19.a4 Nd6 20.Rfd1 Nf7 21.Rxd8+ Nxd8 22.Bd6 Ne6 23.f4 g6 24.f5
gxf5 25.exf5 1-0

[Event "Liga CS - istok 2016"]
[Site "Kladovo"]
[Date "2016.10.15"]
[Round "9.32"]
[White "Mitic, Dragan"]
[Black "Kalcic, Krsta"]
[Result "1/2-1/2"]
[WhiteElo "2129"]
[BlackElo "2156"]
[PlyCount "0"]
[EventDate "2016.09.04"]

1.e4 c5 2.Nf3 d6 3.d4 cxd4 4.Nxd4 Nf6 5.Nc3 a6 6.Be2 e5 7.Nb3
Be6 8.Bg5 Nbd7 9.Bf3 Be7 10.O-O O-O 1/2-1/2

[Event "Liga CS - istok 2016"]
[Site "Kladovo"]
[Date "2016.10.15"]
[Round "9.33"]
[White "Rajkovic, Branislav"]
[Black "Miljkovic, Slobodan*"]
[Result "1/2-1/2"]
[WhiteElo "2171"]
[BlackElo "1752"]
[PlyCount "0"]
[EventDate "2016.09.04"]

1.e4 g6 2.d4 Bg7 3.Nc3 d6 4.Be3 Nf6 5.Be2 O-O 6.Qd2 Re8 7.O-O-O
Nc6 8.Bf3 a6 9.Nge2 Nd7 10.Ng3 e5 11.dxe5 Ndxe5 12.Be2 Be6 13.f4
Nc4 14.Bxc4 Bxc4 1/2-1/2

[Event "Liga CS - istok 2016"]
[Site "Kladovo"]
[Date "2016.10.15"]
[Round "9.41"]
[White "Garic, Radomir"]
[Black "Milunovic, Toni"]
[Result "0-1"]
[WhiteElo "2300"]
[BlackElo "2266"]
[PlyCount "0"]
[EventDate "2016.09.04"]

1.b3 d6 2.Bb2 e5 3.c4 Nc6 4.Nf3 g6 5.g3 Bg7 6.Bg2 Nh6 7.O-O f6
8.Nc3 O-O 9.d3 Nf7 10.e3 f5 11.Qd2 g5 12.d4 e4 13.Ne1 g4 14.a3
Ng5 15.b4 Nf3+ 16.Nxf3 gxf3 17.Bh1 Ne7 18.a4 c6 19.Rfd1 d5 20.c5
Qe8 21.Ba3 Qh5 22.b5 Rf6 0-1

[Event "Liga CS - istok 2016"]
[Site "Kladovo"]
[Date "2016.10.15"]
[Round "9.42"]
[White "Arsenijevic, Ivan"]
[Black "Cvetanovic, Uros*"]
[Result "0-1"]
[WhiteElo "2163"]
[BlackElo "2247"]
[PlyCount "0"]
[EventDate "2016.09.04"]

1.d4 Nf6 2.Nf3 e6 3.Bg5 c5 4.c3 cxd4 5.Nxd4 Be7 6.Nd2 d5 7.e3
O-O 8.Qc2 Re8 9.Bd3 h6 10.Bh4 e5 11.Nf5 Bf8 12.Bb5 Nc6 13.O-O
g5 14.Bg3 Ne4 15.f3 Nxd2 16.Rfd1 Qf6 0-1

[Event "Liga CS - istok 2016"]
[Site "Kladovo"]
[Date "2016.10.15"]
[Round "9.43"]
[White "Lazic, Milan Z"]
[Black "Suhartovic, Branislav"]
[Result "1/2-1/2"]
[WhiteElo "2039"]
[BlackElo "2148"]
[PlyCount "0"]
[EventDate "2016.09.04"]

1.Nc3 d5 2.e4 d4 3.Nce2 e5 4.Nf3 Nc6 5.Ng3 Bd6 6.Bc4 Nf6 7.O-O
O-O 8.d3 Na5 9.Bb3 Nxb3 10.axb3 Qe8 11.Nh4 Be6 12.Nhf5 Bxf5 13.Nxf5
Qe6 14.f4 exf4 15.Nxd6 Qxd6 16.Bxf4 Qc5 17.Qd2 Ng4 18.Ra5 b5
19.b4 Qb6 20.h3 Ne3 21.Re1 f5 22.Bxe3 dxe3 23.Qxe3 fxe4 24.dxe4
Rad8 25.Qxb6 axb6 26.Ra7 Rf7 27.Re2 Rd1+ 28.Kh2 Re7 29.c3 g6
30.h4 Kg7 1/2-1/2

[Event "Liga CS - istok 2016"]
[Site "Kladovo"]
[Date "2016.10.15"]
[Round "9.44"]
[White "Stojanovic, Goran"]
[Black "Bulutic, Sasa"]
[Result "1-0"]
[WhiteElo "2022"]
[BlackElo "1904"]
[PlyCount "0"]
[EventDate "2016.09.04"]

1.e4 c5 2.g3 Nc6 3.Bg2 g6 4.Ne2 Bg7 5.c3 d6 6.d4 cxd4 7.cxd4
Qb6 8.Nbc3 Bxd4 9.Nd5 Qa5+ 10.Bd2 Qd8 11.Nxd4 Nxd4 12.Bc3 e5
13.Bxd4 exd4 14.Qxd4 f6 15.Rc1 Kf8 16.O-O Be6 17.Nc7 1-0

[Event "Liga CS - istok 2016"]
[Site "Kladovo"]
[Date "2016.10.15"]
[Round "9.45"]
[White "Brankovan, Mario"]
[Black "Milunovic, Sasa"]
[Result "1/2-1/2"]
[WhiteElo "1858"]
[BlackElo "1932"]
[PlyCount "0"]
[EventDate "2016.09.04"]

1.d4 Nf6 2.Nf3 e6 3.Bg5 d5 4.e3 Be7 5.Nbd2 O-O 6.Bd3 Nbd7 7.O-O
c5 8.c3 a5 9.Re1 c4 10.Bf1 b5 11.e4 Bb7 12.e5 Ne8 13.Bxe7 Qxe7
14.Re3 Nc7 15.h3 f6 16.exf6 gxf6 17.Qc2 Kh8 18.Rae1 Qd6 19.Nh4
Rg8 20.Ndf3 Rg7 21.Qe2 Rag8 22.g3 Nf8 23.Nh2 Ng6 24.Nxg6+ Rxg6
25.Bg2 Bc8 26.Nf3 Ne8 27.Nh4 Rg5 28.Qf3 Qf8 29.Kf1 Nd6 30.Qf4
Bd7 31.Rxe6 Bxe6 32.Rxe6 Ne8 33.Nf5 Ng7 34.Nxg7 Qxg7 35.Rxf6
b4 36.h4 Rg6 37.Rf5 bxc3 38.bxc3 Rg4 39.Qd6 Qg6 40.Qe5+ Qg7 41.Qxd5
Re8 42.Bf3 1/2-1/2

[Event "Liga CS - istok 2016"]
[Site "Kladovo"]
[Date "2016.10.15"]
[Round "9.46"]
[White "Mitrovic, Aleksandar"]
[Black "Agai, Dzabir"]
[Result "0-1"]
[WhiteElo "1780"]
[BlackElo "1701"]
[PlyCount "0"]
[EventDate "2016.09.04"]

1.d4 Nf6 2.c4 g6 3.Nc3 Bg7 4.e4 d6 5.f4 e5 6.dxe5 dxe5 7.Qxd8+
Kxd8 8.fxe5 Nh5 9.Bg5+ f6 10.exf6 Bxf6 11.Nd5 Bxg5 12.Nf3 Bh6
13.h3 c6 14.Nc3 Ng3 15.Rh2 Bf4 16.Kf2 0-1

[Event "Liga CS - istok 2016"]
[Site "Kladovo"]
[Date "2016.10.15"]
[Round "9.47"]
[White "Zikic, Petar**"]
[Black "Petrovic, Marija V**"]
[Result "1/2-1/2"]
[WhiteElo "1620"]
[BlackElo "1553"]
[PlyCount "0"]
[EventDate "2016.09.04"]

1.d4 d5 2.Bf4 Nf6 3.Nf3 Bg4 4.e3 e6 5.Be2 Bd6 6.Bxd6 Qxd6 7.O-O
O-O 8.c3 Nbd7 9.h3 Bf5 10.Nbd2 c5 11.Qb3 b6 12.Rfe1 Rac8 13.Rac1
Rfe8 14.a3 1/2-1/2

[Event "Liga CS - istok 2016"]
[Site "Kladovo"]
[Date "2016.10.15"]
[Round "9.51"]
[White "Radenkovic, Dragan"]
[Black "Stankovic, Nemanja"]
[Result "1/2-1/2"]
[WhiteElo "2154"]
[BlackElo "2131"]
[PlyCount "0"]
[EventDate "2016.09.04"]

1.d4 d5 2.e3 e6 3.Nf3 Bd6 4.c4 c6 5.Nc3 f5 6.Bd2 Nf6 7.Rc1 O-O
8.Be2 Nbd7 9.O-O Ne4 10.cxd5 exd5 11.Qc2 Qe7 12.Kh1 1/2-1/2

[Event "Liga CS - istok 2016"]
[Site "Kladovo"]
[Date "2016.10.15"]
[Round "9.55"]
[White "Radovanovic, Danko"]
[Black "Urosevic, Dejan"]
[Result "1/2-1/2"]
[WhiteElo "1844"]
[BlackElo "1923"]
[PlyCount "0"]
[EventDate "2016.09.04"]

1.c4 e5 2.Nc3 Nc6 3.g3 d6 4.Bg2 Nge7 5.e3 g6 6.Nge2 Bg7 7.d4
exd4 8.Nxd4 Bd7 9.O-O O-O 10.Nd5 Nxd4 11.Nxe7+ Qxe7 12.exd4 c6
13.Re1 Qf6 14.Be3 Rfe8 15.Qc2 1/2-1/2

[Event "Liga CS - istok 2016"]
[Site "Kladovo"]
[Date "2016.10.15"]
[Round "9.56"]
[White "Jankovic, Uros**"]
[Black "Kujic, Goran"]
[Result "1-0"]
[WhiteElo "1892"]
[BlackElo "1914"]
[PlyCount "0"]
[EventDate "2016.09.04"]

1.d4 d5 2.c4 e6 3.Nc3 Nf6 4.cxd5 Nxd5 5.e4 Nxc3 6.bxc3 Be7 7.Nf3
O-O 8.Bd3 c6 9.Qc2 Nd7 10.h4 Re8 11.e5 Nf8 12.Ng5 h6 1-0